000 01179 a2200205 4500
001 25685
005 20260407155540.0
008 260407a1971 arg spa d
003 AR-UNSa-BCEJYS
040 _aAR-UNSa-BCEJYS
_bspa
_cAR-UNSa-BCEJYS
080 _a51-7
_xEstudios y métodos matemáticos en otros campos del conocimiento. Matemáticas científicas. Matemáticas actuariales (Matemáticas Financieras)
245 1 0 _aTeoría y problemas de matemáticas financieras
264 1 _aMéxico :
_bLibros McGraw-Hill
_c1971
300 _a230 p.
_c27 cm.
505 _a1. Operaciones con números - 2. Exponentes y logaritmos - 3. Progresiones - 4. Interes simple - 5. Descuento simple - 6. Pagos parciales - 7. Interés compuesto - 8. Interés compuesto - 9. Anualidades ciertas ordienarias - 11. Amortización y fondos de amortización - 12. Bonos - 13. Anualidades anticipadas diferidas y perpetuidades - 14. Anualidades ciertas. Caso general - 15. Probabilidad y la tabla de mortalidad - 16. Anualidades contingentes - 17. Seguro de vida.
942 _cBK
590 _aniveau_biblio:m niveau_hierar:0
100 1 _aAyres, Frank, Jr.
700 1 _aOcampo Compean, Fernando
999 _c1413
_d1413